000 01189nam a22003377a 4500
003 CHAP
005 20220329134634.0
008 971013s1976 r 00010 d
010 _a23429
011 _a24401
035 _a28500
040 _cCHAP
090 _aTesis
100 0 0 _aChavira Alvarez, Héctor Horacio.
_922066
245 _aAnálisis e interpretación de los datos de los registros de producción de leche, del hato lechero del ITESM de 1972-1974
260 _a(Monterrey, N.L.) :
_bEl autor,
_c1976
300 _a74 h
502 _aTesis (Ing. Agrónomo Zootecnista) -- ITESM. Div. de Ciencias Agropecuarias y Marítimas
590 _aALEPH
_b10
_c20130110
_lUCH01
_h1248
590 _aBATCH-UPD
_b10
_c20130110
_lUCH01
_h0008
590 _aBATCH-UPD
_b10
_c20130110
_lUCH01
_h1959
590 _aBATCH-UPD
_b10
_c20130409
_lUCH01
_h1945
590 _aBATCH-UPD
_b10
_c20130410
_lUCH01
_h1319
590 _aBATCH-UPD
_b10
_c20130914
_lUCH01
_h0919
590 _aCONVERSION
_b10
_c20130109
_lUCH01
_h1314
650 1 4 _aGanado lechero
_xNuevo León.
_945280
650 1 4 _aLeche
_xProducción.
_965400
901 _aBK
942 _cTESIS
949 _bBC
_cTES
_d-65725
_eTS1
_i28500
_si
999 _c23429
_d23429